00933nam a2200241 a 4500001001000000003000500010005001700015008004100032010001100073011001100084040000900095100003400104245013400138260004100272500006000313502007800373650002400451650005400475650003600529650003300565650002300598856007000621000108830CHAP20220329144026.0140314s2013 mx sm |||||||spa d a105292 a106264 cCHAP1 aTorres Lechuga, María Elena10aDiagnóstico mineral de unidades de producción ovina en Tepatitlán, Jaliscoh[En línea]cpor María Elena Torres Lechuga. aChapingo, Méx. :bEl autor,c2013. aPara ver el contenido del material haga clic en la liga aTesis (M. C. en Innovación Ganadera) -- UACH. Departamento de Zootecnia14aAguaxQuímica de.14aAlimentos y alimentación del ganadoxAnálisis14aSangrexAnálisis y química.14aSuelosxElementos minerales.14aSuero sanguíneo. aFinding aiduhttp://10.13.5.2/tesis/sist108830.pdfzTeclea aquí